Megtévesztett nemzetek

Elmentve itt :
Bibliográfiai részletek
Szerző: CSEPELI György
Adatforrás:Meister
Forrásdokumentuma:Átmenetek. -
1-2 sz., 1998, 3-4 p.
Nyelv:magyar
Kulcsszavak:politológia
politika-szociológia
nacionalizmus
modernizáció
nacionalizmus (politikai & kulturális)
államszocializmus
szocializmus (állam-)
nacionalizmus & elit
nemzet
határ
emberi jogok
nemzetállam
hidegháború
politikai elit
posztmodern & modern
devolúció
elit
politika
Kelet-Európa
LEADER 00901nab a2200337 i 4500
001 bibPRO00007321
008 060524s1998 xx hun
040 |a Sz1 
041 |a hun 
100 1 |a CSEPELI György 
245 1 0 |a Megtévesztett nemzetek  |c CSEPELI György 
695 |a politológia 
695 |a politika-szociológia 
695 |a nacionalizmus 
695 |a modernizáció 
695 |a nacionalizmus (politikai & kulturális) 
695 |a államszocializmus 
695 |a szocializmus (állam-) 
695 |a nacionalizmus & elit 
695 |a nemzet 
695 |a határ 
695 |a emberi jogok 
695 |a nemzetállam 
695 |a hidegháború 
695 |a politikai elit 
695 |a posztmodern & modern 
695 |a devolúció 
695 |a elit 
695 |a politika 
695 |a Kelet-Európa 
773 0 |t Átmenetek. -  |g 1-2 sz., 1998, 3-4 p.